书目信息 |
| 书名: | No place like home | |
| 作者: | Mary Higgins Clark | |
| 分册号: | ||
| 分册名: | 出版地: | New York |
|
| 出版社: | Pocket Books | |
| 出版时间: | 2006 | |
| 页数: | 472p | |
| 开本: | 16cm | |
| 丛书名: | ||
| 中图分类号: | ||
| 科图分类号: | ||
| 其他分类号: | I712.4 | |
| 主题词: | ||
| 电子资源: | ||
| 000 | 00410nam0 2200157 450 | |
| 001 | 202012001407 | |
| 005 | 20121125142833.0 | |
| 008 | 12110901s | |
| 020 | @a9781416521761@c$7.99 | |
| 099 | @dI712.4@eM3932 | |
| 245 | 10 | @aNo place like home @cMary Higgins Clark |
| 260 | 0 | @a New York@bPocket Books@c2006 |
| 300 | @a472p@c16cm | |
| 905 | @b12303 | |
| 905 | @b10643 | |
| 905 | @aTSG@dI712.4@eM3932 | |
| No place like home / Mary Higgins Clark.- New York : Pocket Books , 2006 |
| 472p ; 16cm |
| ISBN 9781416521761$7.99 |
| ● |
| 相关链接 |
|
|
|
正题名:No place like home
索取号:I712.4/M3932
 
预约/预借
| 序号 | 登录号 | 条形码 | 馆藏地/架位号 | 状态 | 备注 |